Stephen Hawking: quest for a theory of everything (Record no. 11525)

MARC details
000 -LEADER
fixed length control field 00762nam a2200205Ia 4500
003 - CONTROL NUMBER IDENTIFIER
control field IN-BaIIA
008 - FIXED-LENGTH DATA ELEMENTS--GENERAL INFORMATION
fixed length control field 211028s9999 xx 000 0 eng d
020 ## - INTERNATIONAL STANDARD BOOK NUMBER
International Standard Book Number 0-553-29895-X
040 ## - CATALOGING SOURCE
Transcribing agency IIA Library
080 ## - UNIVERSAL DECIMAL CLASSIFICATION NUMBER
Universal Decimal Classification number 92:5
Item number FER
111 ## - MAIN ENTRY--MEETING NAME
Meeting name or jurisdiction name as entry element Kofu Symposium on New Look At the Sun with Emphasiss on Advanced Observations of Coronal Dynamics and Flares
Location of meeting Yamanashi
Date of meeting or treaty signing 1993 Sep. 6-10
9 (RLIN) 19446
245 #0 - TITLE STATEMENT
Title Stephen Hawking: quest for a theory of everything
Statement of responsibility, etc. edited by K. Ferguson And T Hirayama
260 ## - PUBLICATION, DISTRIBUTION, ETC.
Place of publication, distribution, etc. New York
Name of publisher, distributor, etc. Bantam Books
Date of publication, distribution, etc. 1992
300 ## - PHYSICAL DESCRIPTION
Extent 192p.
650 ## - SUBJECT ADDED ENTRY--TOPICAL TERM
Topical term or geographic name entry element Biography
9 (RLIN) 1224
650 ## - SUBJECT ADDED ENTRY--TOPICAL TERM
Topical term or geographic name entry element Stephen Hawking
9 (RLIN) 19513
700 ## - ADDED ENTRY--PERSONAL NAME
Personal name Ferguson, K., ed.
9 (RLIN) 19882
700 ## - ADDED ENTRY--PERSONAL NAME
Personal name Hirayama, T ed.
9 (RLIN) 19450
942 ## - ADDED ENTRY ELEMENTS (KOHA)
Koha item type Books
Holdings
Withdrawn status Lost status Damaged status Not for loan Home library Current library Shelving location Date acquired Total Checkouts Full call number Barcode Date last seen Price effective from Koha item type
        IIA Library-Bangalore IIA Library-Bangalore General Stacks 27/10/1995   92:5/ FER 12440 05/11/2021 27/10/1995 Books

Powered by Koha